000 00987cam a22002651 4500
001 sa 67000023
003 DLC
005 20260227112311.0
008 890724q19601967ii ac 000 0 hino
010 _asa 67000023
035 _a(OCoLC)20062842
040 _aDLC
_cWaU
_dNRU
_dDLC
042 _apremarc
043 _aa-ii---
050 0 0 _aPK1931
_b.U8
110 2 _aUtkal Prantiya Rashtrabhasa Prachar Sabha.
245 1 0 _aRāshṭrabhāshā rajata-jayantī grantha.
_c[Saṃpādakamanḍalah Harekṛshṇa Mahatāba, Ārttavallabha Mahānti tatha Anasūyā Prasāda Pāṭhaka. Parāmarśadātā-manḍalah Bhāgīrathī Mahāpātra tathā anya]
260 _aKaṭaka, Utkala Prāntīya Rāshṭrabhāshā Pracāra Sabhā
_c[196-]
300 _a24, 589 p.
_billus., ports.
_c26 cm.
500 _aIn Hindi.
650 0 _aHindi language
_zIndia
_zOrissa.
700 1 _aMahtab, Harekrushna,
_d1900-1987.
700 1 _aMahanty, Artavallabha.
700 1 _aPathak, Ansuya Prasad.
999 _c71697
_d71697